The disciplined trader : developing winning attitudes

Αποθηκεύτηκε σε:
Λεπτομέρειες βιβλιογραφικής εγγραφής
Κύριος συγγραφέας: Douglas, Mark (Mark J.)
Μορφή: Βιβλίο
Γλώσσα:English
Δημοσίευση: New York : New York Institute of Finance, c1990
Θέματα:
Ετικέτες: Προσθήκη ετικέτας
Δεν υπάρχουν, Καταχωρήστε ετικέτα πρώτοι!

MARC

LEADER 00000cam a2200000 i 4500
001 1/7744
008 000622s1990 eng d
020 |a 0-13-215757-8 
035 |l 10062398 
040 |a GR-MY-UA  |b gre  |e aacr 
041 0 |a eng 
082 0 |a 332.64 
100 1 |a Douglas, Mark   |q (Mark J.) 
245 1 4 |a The disciplined trader :  |b developing winning attitudes /  |c Mark Douglas 
260 |a New York :   |b New York Institute of Finance,   |c c1990 
300 |a xvii, 236 p.;  |c 24 cm. 
504 |a Includes index 
650 0 0 |a Stockbrokers  |x Attitudes. 
650 0 0 |a Stock exchanges. 
852 |a INST  |b CHIOS  |e 20000622  |h 332.64 DOU  |p 005200017993  |q 005200017993  |t BK  |y 0 
901 |a BIBL2-2000-2 
909 |a Χ  |b 075796 
970 |z 2000/06/ΜΠΡΑΤΤΗΣ